| 000 | 01197nam2a22002531 4500 | ||
|---|---|---|---|
| 001 | rc\154698 | ||
| 005 | 20250621061301.0 | ||
| 010 |
_a5-88843-041-2 _95000 |
||
| 035 | _a(NLR Aleph) 005614787 | ||
| 090 |
_a6445691 _c6445691 |
||
| 100 | _a20030307d1996 |||y0rusy50 ca | ||
| 101 | 0 | _arus | |
| 102 | _aRU | ||
| 105 | _aa ||||||||| | ||
| 200 | 0 | _a... № 3 ... | |
| 210 |
_d1996 _aБ. м. |
||
| 215 |
_a64 с. _cил. |
||
| 320 | _aБиблиогр.: с. 56 | ||
| 461 | 0 |
_1001rc\154697 _12001#$aМатематика ... для поступающих в вузы$eСпособы решения основных типов задач, предлагаемых на письм. экзаменах$fСост. к. м. н. Тырымов А.А.$v... № 3 ... _96445686 _cВолгоград _d1996 _fСост. к. м. н. Тырымов А.А. _nБратья Гринины _oСпособы решения основных типов задач, предлагаемых на письм. экзаменах _tМатематика ... для поступающих в вузы _v... № 3 ... |
|
| 801 | 0 |
_aRU _bNLR _gpsbo |
|
| 801 | 1 |
_aRU _bELAR _2rusmarc |
|
| 852 |
_aNLR _j96-4/13624 |
||
| 942 | _cBOOK | ||
| 980 | _aNB | ||